|
|
|
|
| LEADER |
00000naa2a2200000 4500 |
| 001 |
529951 |
| 005 |
20231101112359.0 |
| 035 |
|
|
|a (RuTPU)RU\TPU\prd\215736
|
| 035 |
|
|
|a RU\TPU\prd\215735
|
| 090 |
|
|
|a 529951
|
| 100 |
|
|
|a 20140318a1991 k y0rusy50 ca
|
| 101 |
0 |
|
|a rus
|
| 102 |
|
|
|a RU
|
| 200 |
1 |
|
|a Исследование поверхностного импеданса ВТСП материалов в диапазоне СВЧ
|f В. Л. Каминский, Г. М. Самойленко, Ю. Г. Юшков
|
| 320 |
|
|
|a Библиогр.: с. 1470 (3 назв.)
|
| 461 |
|
0 |
|0 (RuTPU)RU\TPU\prd\407
|t Физика низких температур
|o научный журнал
|f Национальная академия наук Украины (НАНУ) ; Физико-технический институт низких температур им. Б. И. Веркина (ФТИНТ)
|d 1975-
|
| 463 |
|
0 |
|0 (RuTPU)RU\TPU\prd\155229
|t Т. 17, № 11-12
|v С. 1468-1470
|d 1991
|
| 610 |
1 |
|
|a труды учёных ТПУ
|
| 700 |
|
1 |
|a Каминский
|b В. Л.
|c физик
|c заведующий лабораторией Томского политехнического университета
|f 1942-
|g Валерий Людвигович
|2 stltpush
|3 (RuTPU)RU\TPU\pers\31792
|
| 701 |
|
1 |
|a Самойленко
|b Г. М.
|c физик
|c старший научный сотрудник Томского политехнического университета, кандидат технических наук
|f 1945-
|g Геннадий Михайлович
|2 stltpush
|3 (RuTPU)RU\TPU\pers\31785
|
| 701 |
|
1 |
|a Юшков
|b Ю. Г.
|c электрофизик
|c профессор Томского политехнического университета, доктор технических наук
|f 1937-
|g Юрий Георгиевич
|2 stltpush
|3 (RuTPU)RU\TPU\pers\22023
|
| 801 |
|
1 |
|a RU
|b 63413507
|c 20140313
|
| 801 |
|
2 |
|a RU
|b 63413507
|c 20140318
|g RCR
|
| 942 |
|
|
|c BK
|